SISTEMA DE BIBLIOTECAS


Identidad cultural de la discapacidad y desarrollo de públicos en las artes. Una mirada a la trayectoria en la participación cultural de las personas con síndrome x frágil y las cuidadoras partícipes de las funciones distendidas de GAM en 2018. (Record no. 63670)

MARC details
000 -CABECERA
campo de control de longitud fija 02274nmm a22002537a 4500
001 - NÚMERO DE CONTROL
campo de control 045008
003 - IDENTIFICADOR DEL NÚMERO DE CONTROL
campo de control UAHC_CL
005 - FECHA Y HORA DE LA ÚLTIMA TRANSACCIÓN
campo de control 20260504164016.0
008 - DATOS DE LONGITUD FIJA--INFORMACIÓN GENERAL
campo de control de longitud fija 260504s2024 cl o d 000 spa
040 ## - FUENTE DE LA CATALOGACIÓN
Centro catalogador/agencia de origen UAHC_CL
Centro/agencia transcriptor UAHC_CL
Centro/agencia modificador UAHC_CL
100 ## - ENTRADA PRINCIPAL--NOMBRE DE PERSONA
Nombre de persona Alfaro Rodriguez, Loreto
9 (RLIN) 23421
245 10 - MENCIÓN DE TÍTULO
Título Identidad cultural de la discapacidad y desarrollo de públicos en las artes. Una mirada a la trayectoria en la participación cultural de las personas con síndrome x frágil y las cuidadoras partícipes de las funciones distendidas de GAM en 2018.
Mención de responsabilidad, etc. Loreto Alfaro ; profesora guía Javiera Cienfuegos.
260 ## - PUBLICACIÓN, DISTRIBUCIÓN, ETC.
Lugar de publicación, distribución, etc. Santiago, Chile :
Nombre del editor, distribuidor, etc. Universidad Academia de Humanismo Cristiano,
Fecha de publicación, distribución, etc. 2024.
300 ## - DESCRIPCIÓN FÍSICA
Extensión 41 páginas.
500 ## - NOTA GENERAL
Nota general Tesis para optar al grado de Magíster en Antropología.
502 ## - NOTA DE TESIS
Nota de tesis Tesis (Magíster en Antropología) -- Universidad Academia de Humanismo Cristiano, 2024.
516 ## - NOTA DE TIPO DE ARCHIVO DE ORDENADOR O DE DATOS
Nota de tipo de archivo de ordenador o de datos Tesis electrónica (PDF). Solicitar envío de documento a biblioteca@academia.cl.
520 ## - SUMARIO, ETC.
Sumario, etc. Este estudio examina la experiencia de cuidadores/as y sus hijos con Síndrome X Frágil que participaron en el programa Funciones Distendidas en 2018. Su objetivo es identificar los elementos culturales de la discapacidad desde la perspectiva de las cuidadoras/es y entender los factores que facilitan o dificultan la participación de la diada en actividades artístico-culturales. La investigación analiza los hábitos actuales de consumo cultural del grupo y los preconceptos que afectan su participación. Teóricamente se incluirá una revisión histórica de la discapacidad, propuestas sobre identidad y discapacidad, y el estado actual de las políticas culturales de desarrollo de públicos. La presentación de resultados versará en las entrevistas realizadas a miembros de la Corporación X Frágil, cuidadoras de personas que tienen el síndrome. El análisis de datos, basado en el análisis de discurso, llevará a propuestas para mejorar la inclusión social y cultural de personas con discapacidad y sus cuidadores en el ámbito artístico.
650 #0 - PUNTO DE ACCESO ADICIONAL DE MATERIA--TÉRMINO DE MATERIA
Término de materia o nombre geográfico como elemento de entrada Discapacidades
Subdivisión general Investigaciones
Subdivisión geográfica Chile
9 (RLIN) 16544
650 #0 - PUNTO DE ACCESO ADICIONAL DE MATERIA--TÉRMINO DE MATERIA
Término de materia o nombre geográfico como elemento de entrada Cuidadores familiares
9 (RLIN) 3198
700 ## - PUNTO DE ACCESO ADICIONAL--NOMBRE DE PERSONA
Nombre de persona Cienfuegos Illanes, Javiera
9 (RLIN) 3449
Término indicativo de función/relación profesora guía
900 ## - ELEMENTOS DE DATOS A LOCAL, LDA (RLIN)
Nombre de persona TMAN 39
942 ## - ELEMENTOS DE PUNTO DE ACCESO ADICIONAL (KOHA)
Tipo de ítem Koha Tesis
Fuente del sistema de clasificación o colocación Dewey Decimal Classification
Holdings
Estado de retiro Estado de pérdida Fuente del sistema de clasificación o colocación Estado dañado No para préstamo Código de colección Carrera Localización permanente Ubicación/localización actual Ubicación en estantería Fecha de adquisición Total de préstamos Signatura topográfica completa Fecha visto por última vez Precio válido a partir de Tipo de ítem Koha Nota pública
    Dewey Decimal Classification     Bibliografía Complementaria Magíster en Antropología Biblioteca Central Biblioteca Central Colección Digital 2026-05-04   TMAN 39 2026-05-04 2026-05-04 Tesis Documento en PDF



©2023 Unidad de Procesos Comunicacionales / Universidad Academia de Humanismo Cristiano